000 00287nam a2200121 i 4500
001 bg
245 0 _aTeorija funkcji funcional'nyj analiz i ich prilożenija.
260 _aCharkov,
_c1974.
040 _cBPK
041 _apol
942 _cKS
008 s pl f |000 0 pol
999 _c26599
_d26599